000 00349nam a2200157Ia 4500
003 OSt
005 20240424125629.0
008 170524s9999 xx 000 0 und d
020 _a978-0199461851
040 _ciimtu
100 _aSadiku Matthe
245 0 _aPRINCIPLES OF ELECTROMAGETICS
260 _bOxford
260 _c2010
942 _2ddc
_c02
999 _c5803
_d5803